[Event "4NCL (GBR-chT 9394)"]
[Site "London, Barbican"]
[Date "1993.10.02"]
[Round "1.1"]
[White "Chandler, Murray"]
[Black "Burgess, Graham"]
[Result "1-0"]
[WhiteElo "2565"]
[BlackElo "2300"]
[PlyCount "81"]
[EventDate "1993.10.02"]
[EventType "team"]
[EventCountry "ENG"]
[WhiteTeam "Barbican"]
[BlackTeam "Bristol"]
[WhiteTeamCountry "ENG"]
[BlackTeamCountry "ENG"]

1. e4 Nf6 2. e5 Nd5 3. d4 d6 4. Nf3 Bg4 5. Be2 c6 6. O-O Bxf3 7. Bxf3 dxe5 8.
dxe5 e6 9. Nd2 Nd7 10. Re1 Qc7 11. Qe2 Nf4 12. Qe4 Ng6 13. Nc4 Be7 14. Bd2 O-O
15. Rad1 Rad8 16. Ba5 b6 17. Bc3 Nh4 18. Bg4 Nc5 19. Qe2 Na4 20. Bd2 Rd4 21.
Bc1 Rfd8 22. Rxd4 Rxd4 23. g3 Ng6 24. f4 b5 25. Ne3 Bc5 26. Kh1 Ne7 27. Bf3 Nb6
28. c3 Rd7 29. Be4 Bxe3 30. Bxe3 Nc4 31. Bc1 Qd8 32. Bc2 Nd5 33. Qf3 g6 34. b3
Ncb6 35. Ba3 a5 36. Bc5 b4 37. c4 Nc3 38. Qxc6 Rd2 39. Bxb6 Qf8 40. Be4 Qh6 41.
Bg2 1-0

[Event "4NCL (GBR-chT 9394)"]
[Site "London, Barbican"]
[Date "1993.10.02"]
[Round "1.2"]
[White "Baker, Chris"]
[Black "Hebden, Mark"]
[Result "0-1"]
[WhiteElo "2260"]
[BlackElo "2560"]
[PlyCount "74"]
[EventDate "1993.10.02"]
[EventType "team"]
[EventCountry "ENG"]
[WhiteTeam "Bristol"]
[BlackTeam "Barbican"]
[WhiteTeamCountry "ENG"]
[BlackTeamCountry "ENG"]

1. e4 e5 2. Nf3 Nc6 3. d4 exd4 4. Nxd4 Nf6 5. Nc3 Bc5 6. Be3 Bb4 7. Nxc6 bxc6
8. Bd3 d6 9. h3 O-O 10. O-O Re8 11. Qf3 Nd7 12. Qg3 Ne5 13. Bg5 f6 14. Bd2 Nxd3
15. Qxd3 Kh8 16. a3 Ba5 17. Rfe1 Bd7 18. Rad1 Rb8 19. Na4 Bxd2 20. Qxd2 Qc8 21.
b3 Rb5 22. f4 Re7 23. Nc3 Rb8 24. Qf2 Qa6 25. e5 fxe5 26. fxe5 d5 27. Na4 Be6
28. Nc5 Qa5 29. Rf1 Bg8 30. Qd4 Ree8 31. Rf4 Rb5 32. Rdf1 Qxa3 33. Rf8 Rxf8 34.
Rxf8 Rxc5 35. Qf4 Rxc2 36. e6 h6 37. Qf7 Qa1+ {time} 0-1

[Event "4NCL (GBR-chT 9394)"]
[Site "London, Barbican"]
[Date "1993.10.02"]
[Round "1.3"]
[White "Crouch, Colin"]
[Black "Beaumont, Chris"]
[Result "1/2-1/2"]
[WhiteElo "2415"]
[BlackElo "2365"]
[PlyCount "112"]
[EventDate "1993.10.02"]
[EventType "team"]
[EventCountry "ENG"]
[WhiteTeam "Barbican"]
[BlackTeam "Bristol"]
[WhiteTeamCountry "ENG"]
[BlackTeamCountry "ENG"]

1. d4 d6 2. e4 Nf6 3. Nc3 e5 4. dxe5 dxe5 5. Qxd8+ Kxd8 6. Nf3 Bd6 7. Nd2 Nc6
8. Nc4 Bb4 9. f3 Be6 10. Bd2 Nd7 11. O-O-O Kc8 12. a3 Bc5 13. b4 Bd4 14. Nd5
Re8 15. c3 Bf2 16. Bd3 Nb6 17. Ncxb6+ Bxb6 18. a4 Bf2 19. Rhf1 Bh4 20. Be3 Ne7
21. g3 c6 22. gxh4 cxd5 23. Bb5 Rd8 24. Rg1 a6 25. Be2 dxe4 26. Rxd8+ Kxd8 27.
fxe4 g6 28. Bg5 Rc8 29. Kb2 Bc4 30. Bg4 Be6 31. Bxe6 fxe6 32. Kb3 Ke8 33. Bf6
b5 34. axb5 axb5 35. Ra1 Ng8 36. Bg7 Rc4 37. Re1 Ne7 38. Bxe5 Nc6 39. Bg3 Ke7
40. e5 Ke8 41. Ra1 Ne7 42. Ra8+ Kd7 43. Bf2 Nd5 44. Bd4 Nxb4 45. Rb8 Nd3 46.
Rxb5 Rc8 47. Rb7+ Kc6 48. Rxh7 Kd5 49. h5 gxh5 50. Rxh5 Rb8+ 51. Kc2 Kc4 52.
Kd2 Nf4 53. Rh6 Nd5 54. Ke2 Rb3 55. Kf3 Nxc3 56. Bxc3 Kd5 1/2-1/2

[Event "4NCL (GBR-chT 9394)"]
[Site "London, Barbican"]
[Date "1993.10.02"]
[Round "1.4"]
[White "Truran, Michael"]
[Black "Thomson, Craig"]
[Result "1-0"]
[WhiteElo "2272"]
[BlackElo "2335"]
[PlyCount "77"]
[EventDate "1993.10.02"]
[EventType "team"]
[EventCountry "ENG"]
[WhiteTeam "Bristol"]
[BlackTeam "Barbican"]
[WhiteTeamCountry "ENG"]
[BlackTeamCountry "ENG"]

1. d4 Nf6 2. Nf3 g6 3. c4 Bg7 4. Nc3 O-O 5. Bf4 d6 6. h3 Nbd7 7. e3 Re8 8. Be2
e6 9. O-O a6 10. b4 Qe7 11. Qb3 e5 12. Bh2 e4 13. Nd2 Nf8 14. a4 h5 15. Rfc1
Bf5 16. b5 Ne6 17. Nd5 Nxd5 18. cxd5 Ng5 19. b6 cxb6 20. Qxb6 Rad8 21. Nc4
Nxh3+ 22. gxh3 Bxh3 23. Bf1 Qg5+ 24. Kh1 Bg4 25. Nd2 Qxd5 26. Rc7 Qf5 27. Kg1
Bf6 28. Bg2 h4 29. Qxb7 d5 30. Rxf7 Rf8 31. Rxf8+ Rxf8 32. Nxe4 dxe4 33. Bxe4
Qh5 34. Qxa6 Bh3 35. Qc4+ Kh8 36. Qd5 Qg4+ 37. Kh1 Rd8 38. Qc6 Bg7 39. Rg1 1-0

[Event "4NCL (GBR-chT 9394)"]
[Site "London, Barbican"]
[Date "1993.10.02"]
[Round "1.5"]
[White "Britton, Richard"]
[Black "Richmond, Peter"]
[Result "1-0"]
[WhiteElo "2305"]
[BlackElo "2215"]
[PlyCount "79"]
[EventDate "1993.10.02"]
[EventType "team"]
[EventCountry "ENG"]
[WhiteTeam "Barbican"]
[BlackTeam "Bristol"]
[WhiteTeamCountry "ENG"]
[BlackTeamCountry "ENG"]

1. e4 c5 2. Nf3 Nc6 3. d4 cxd4 4. Nxd4 Nf6 5. Nc3 e5 6. Ndb5 d6 7. Bg5 a6 8.
Na3 b5 9. Bxf6 gxf6 10. Nd5 f5 11. Bd3 Be6 12. O-O Bg7 13. Qh5 f4 14. c4 bxc4
15. Bxc4 Nd4 16. Rac1 O-O 17. Nc2 Nxc2 18. Rxc2 Kh8 19. Rfc1 Rc8 20. Qe2 a5 21.
Bb3 Rxc2 22. Qxc2 f5 23. Nc7 Bxb3 24. Qxb3 a4 25. Qc2 Qd7 26. Nd5 fxe4 27. Qxe4
Rc8 28. Rxc8+ Qxc8 29. g3 fxg3 30. hxg3 Qc1+ 31. Kg2 Qxb2 32. Qxa4 Qb8 33. Qc4
Bh6 34. a4 Bd2 35. Qc2 Ba5 36. Qf5 Qa8 37. Qf6+ Kg8 38. Qe6+ Kh8 39. Qxd6 Qe8
40. Qf6+ 1-0

[Event "4NCL (GBR-chT 9394)"]
[Site "London, Barbican"]
[Date "1993.10.02"]
[Round "1.6"]
[White "Brooks, Philip"]
[Black "Kenworthy, Gary"]
[Result "1-0"]
[WhiteElo "2192"]
[BlackElo "2285"]
[PlyCount "52"]
[EventDate "1993.10.02"]
[EventType "team"]
[EventCountry "ENG"]
[WhiteTeam "Bristol"]
[BlackTeam "Barbican"]
[WhiteTeamCountry "ENG"]
[BlackTeamCountry "ENG"]

1. d4 Nf6 2. c4 e5 3. dxe5 Ng4 4. Bf4 Nc6 5. Nf3 Bb4+ 6. Nbd2 Ngxe5 7. Nxe5 Qf6
8. Nd3 g5 9. Bxc7 d6 10. Nxb4 Nxb4 11. Ba5 Qxb2 12. Bxb4 Qxb4 13. Qb3 a5 14. a3
Qxb3 15. Nxb3 Be6 16. e3 Ke7 17. Nd4 Rhc8 18. Nxe6 fxe6 19. Bd3 b6 20. Ke2 Rab8
21. Rhc1 Rc5 22. Rab1 h6 23. Rb5 Rbc8 24. Rcb1 d5 25. cxd5 exd5 26. Rxb6 Rc3
1-0

[Event "4NCL (GBR-chT 9394)"]
[Site "London, Barbican"]
[Date "1993.10.02"]
[Round "1.7"]
[White "Lewis, Andrew P"]
[Black "Richmond, Jane"]
[Result "0-1"]
[WhiteElo "2330"]
[BlackElo "2056"]
[PlyCount "61"]
[EventDate "1993.10.02"]
[EventType "team"]
[EventCountry "ENG"]
[WhiteTeam "Barbican"]
[BlackTeam "Bristol"]
[WhiteTeamCountry "ENG"]
[BlackTeamCountry "ENG"]

1. c4 e5 2. g3 Nc6 3. Nc3 g6 4. Bg2 Bg7 5. Rb1 d6 6. b4 Bf5 7. b5 Bxb1 8. bxc6
Bf5 9. cxb7 Rb8 10. c5 Ne7 11. c6 O-O 12. Qa4 Qe8 13. Ba3 e4 14. g4 Bxc3 15.
gxf5 Rxb7 16. dxc3 Rb1+ 17. Kd2 gxf5 18. Nh3 Rxh1 19. Bxh1 Ng6 20. Qb5 Qe6 21.
c4 Ne5 22. Kc2 Nxc4 23. Bc1 Ne5 24. Qb3 d5 25. Nf4 Qxc6+ 26. Kb1 Ng6 27. Nxd5
Rd8 28. Nb4 Qd6 29. Bg2 Rb8 30. a3 c5 31. Bb2 0-1

[Event "4NCL (GBR-chT 9394)"]
[Site "London, Barbican"]
[Date "1993.10.02"]
[Round "1.8"]
[White "Collier, David"]
[Black "Regan, Natasha"]
[Result "1-0"]
[WhiteElo "2064"]
[BlackElo "2140"]
[PlyCount "83"]
[EventDate "1993.10.02"]
[EventType "team"]
[EventCountry "ENG"]
[WhiteTeam "Bristol"]
[BlackTeam "Barbican"]
[WhiteTeamCountry "ENG"]
[BlackTeamCountry "ENG"]

1. d4 Nf6 2. c4 g6 3. Nc3 Bg7 4. e4 d6 5. f3 O-O 6. Be3 c5 7. d5 a6 8. a4 e6 9.
Qd2 exd5 10. cxd5 Re8 11. Nge2 Nbd7 12. Ng3 Qa5 13. Ra3 Ne5 14. Be2 h5 15. O-O
Bd7 16. h3 Qb4 17. Rfa1 h4 18. Nf1 Nh7 19. a5 Nc4 20. Bxc4 Qxc4 21. Qc2 Bb5 22.
Qf2 f5 23. Nd2 Qd3 24. Nxb5 Qxb5 25. Rb3 Qd7 26. Qxh4 Nf6 27. Bh6 Rac8 28. Nc4
Rcd8 29. exf5 gxf5 30. Qg5 Nxd5 31. Nxd6 Qe7 32. Nxe8 Qxg5 33. Bxg5 Rxe8 34.
Rxb7 Bd4+ 35. Kh1 Nb4 36. Rd1 Nc6 37. Rb6 Nxa5 38. Rxa6 Nb3 39. Ra3 Rb8 40. Bf4
Rb5 41. Re1 Na5 42. Rea1 1-0

[Event "4NCL (GBR-chT 9394)"]
[Site "London, Barbican"]
[Date "1993.10.02"]
[Round "1.1"]
[White "Littlewood, Paul"]
[Black "McDonald, Neil"]
[Result "1-0"]
[WhiteElo "2460"]
[BlackElo "2395"]
[PlyCount "113"]
[EventDate "1993.10.02"]
[EventType "team"]
[EventCountry "ENG"]
[WhiteTeam "Covent Garden"]
[BlackTeam "Invicta Knights"]
[WhiteTeamCountry "ENG"]
[BlackTeamCountry "ENG"]

1. d4 Nf6 2. c4 g6 3. Nc3 Bg7 4. e4 d6 5. Nf3 O-O 6. Be2 e5 7. d5 a5 8. Bg5 h6
9. Bh4 Na6 10. Nd2 Qe8 11. a3 Bd7 12. b3 Nh7 13. Rb1 h5 14. f3 Bh6 15. O-O Be3+
16. Bf2 Bxf2+ 17. Rxf2 Qe7 18. b4 axb4 19. axb4 h4 20. Nf1 Qg5 21. Bd3 Nf6 22.
Qd2 Qxd2 23. Rxd2 Nh5 24. Ne3 f5 25. Ra2 h3 26. exf5 Nf4 27. Bc2 hxg2 28. f6
Bh3 29. Kf2 c5 30. dxc6 bxc6 31. Be4 Nc7 32. Bxc6 Rxa2+ 33. Nxa2 Nce6 34. Nc3
Nd3+ 35. Kg1 Nef4 36. b5 Bf5 37. Nxf5 gxf5 38. Bd5+ Kh7 39. f7 Nxd5 40. Nxd5
Rxf7 41. b6 Rb7 42. Kxg2 Kg6 43. Ra1 f4 44. Ra8 Nc5 45. Rc8 Kf5 46. Rf8+ Ke6
47. Rf6+ Kd7 48. Rf7+ Ke6 49. Rxb7 Nxb7 50. h4 Kf5 51. Nc3 Nd8 52. Ne4 Ke6 53.
h5 Kd7 54. h6 Nf7 55. h7 Kc6 56. b7 Kxb7 57. Nxd6+ {not sure this is the
correct game - found on StarBase 2.74} 1-0

[Event "4NCL (GBR-chT 9394)"]
[Site "London, Barbican"]
[Date "1993.10.02"]
[Round "1.2"]
[White "Morris, Philip"]
[Black "Agnos, Demetrios"]
[Result "1/2-1/2"]
[WhiteElo "2380"]
[BlackElo "2430"]
[PlyCount "64"]
[EventDate "1993.10.02"]
[EventType "team"]
[EventCountry "ENG"]
[WhiteTeam "Invicta Knights"]
[BlackTeam "Covent Garden"]
[WhiteTeamCountry "ENG"]
[BlackTeamCountry "ENG"]

1. e4 d6 2. d4 Nf6 3. Nc3 g6 4. f4 Bg7 5. Nf3 O-O 6. Bd3 Na6 7. O-O c5 8. d5
Rb8 9. e5 Nd7 10. exd6 exd6 11. Nb5 Nf6 12. c4 Nc7 13. Nxc7 Qxc7 14. a4 Re8 15.
Qc2 Bg4 16. Bd2 Re7 17. Rae1 Bxf3 18. Rxe7 Qxe7 19. Rxf3 Ng4 20. Bc3 Bxc3 21.
Qxc3 Re8 22. h3 Qe1+ 23. Qxe1 Rxe1+ 24. Rf1 Rxf1+ 25. Kxf1 Nf6 26. Kf2 h5 27.
g3 Kf8 28. Kf3 Nd7 29. g4 hxg4+ 30. hxg4 Ke7 31. g5 Kd8 32. Bf1 Kc7 1/2-1/2

[Event "4NCL (GBR-chT 9394)"]
[Site "London, Barbican"]
[Date "1993.10.02"]
[Round "1.4"]
[White "Chandler, Cliff"]
[Black "Kinsman, Andrew"]
[Result "0-1"]
[WhiteElo "2288"]
[BlackElo "2370"]
[PlyCount "68"]
[EventDate "1993.10.02"]
[EventType "team"]
[EventCountry "ENG"]
[WhiteTeam "Invicta Knights"]
[BlackTeam "Covent Garden"]
[WhiteTeamCountry "ENG"]
[BlackTeamCountry "ENG"]

1. d4 d5 2. c4 c6 3. Nf3 Nf6 4. cxd5 cxd5 5. Nc3 Nc6 6. Bf4 Bf5 7. e3 e6 8. Ne5
Nxe5 9. Bxe5 Nd7 10. Qb3 Nxe5 11. dxe5 Be7 12. Bb5+ Kf8 13. O-O Qb6 14. Na4 Qc7
15. f4 Rc8 16. Bd3 Bxd3 17. Qxd3 g6 18. e4 Qc4 19. Qxc4 Rxc4 20. b3 Rxe4 21.
Rac1 Kg7 22. Rc7 Bb4 23. Rxb7 Rc8 24. g3 a5 25. Rf2 h5 26. Kg2 h4 27. Nb6 hxg3
28. hxg3 Rc3 29. Kh2 d4 30. Nc4 d3 31. Nb2 Bc5 32. Rg2 Re2 33. Rc7 Rcc2 34.
Rxe2 dxe2 0-1

[Event "4NCL (GBR-chT 9394)"]
[Site "London, Barbican"]
[Date "1993.10.02"]
[Round "1.5"]
[White "Levitt, Mark"]
[Black "Hanreck, Alan"]
[Result "0-1"]
[WhiteElo "2345"]
[BlackElo "2255"]
[PlyCount "130"]
[EventDate "1993.10.02"]
[EventType "team"]
[EventCountry "ENG"]
[WhiteTeam "Covent Garden"]
[BlackTeam "Invicta Knights"]
[WhiteTeamCountry "ENG"]
[BlackTeamCountry "ENG"]

1. e4 c5 2. Nf3 d6 3. d4 cxd4 4. Nxd4 Nf6 5. Nc3 a6 6. Bg5 e6 7. f4 Be7 8. Qf3
Qa5 9. O-O-O Bd7 10. Be2 Nc6 11. Nb3 Qc7 12. Rhe1 h6 13. Bh4 g5 14. fxg5 Nh7
15. g6 fxg6 16. Bxe7 Kxe7 17. Qe3 Ng5 18. e5 Nxe5 19. h4 Ngf7 20. Ne4 d5 21.
Nc3 Kf8 22. Rf1 Kg8 23. Nd4 b5 24. a3 Rh7 25. Rf6 Re8 26. Qg3 Rg7 27. Kb1 Qd8
28. Rdf1 Qb6 29. Qf2 Qc5 30. h5 g5 31. Na2 Re7 32. Nb4 Qc8 33. c3 Be8 34. Qe3
Bd7 35. Nbc2 Re8 36. Qf2 Re7 37. Ne3 Qc5 38. Ng4 Nxg4 39. Bxg4 e5 40. Bxd7 Rxd7
41. Rc6 Qa7 42. Rc8+ Rd8 43. Rxd8+ Nxd8 44. Qf8+ Kh7 45. Qxd8 exd4 46. Rf8 Rf7
47. Rh8+ Kg7 48. Qg8+ Kf6 49. Rxh6+ Kf5 50. cxd4 Kg4 51. Qc8+ Kg3 52. Qc3+ Kh2
53. Qh3+ Kg1 54. Qe3+ Kh2 55. Rc6 Rf1+ 56. Ka2 Qh7 57. Rg6 Kh1 58. Qxg5 Qc7 59.
Qxd5 Qc2 60. Qc6 Qb1+ 61. Kb3 Rc1 62. Qxc1+ Qxc1 63. Ka2 Qc4+ 64. Ka1 a5 65. h6
Qf1+ 0-1

[Event "4NCL (GBR-chT 9394)"]
[Site "London, Barbican"]
[Date "1993.10.02"]
[Round "1.6"]
[White "Mack, Andrew"]
[Black "Harley, Andrew"]
[Result "1/2-1/2"]
[WhiteElo "2250"]
[BlackElo "2315"]
[PlyCount "89"]
[EventDate "1993.10.02"]
[EventType "team"]
[EventCountry "ENG"]
[WhiteTeam "Invicta Knights"]
[BlackTeam "Covent Garden"]
[WhiteTeamCountry "ENG"]
[BlackTeamCountry "ENG"]

1. e4 e6 2. d4 d5 3. Nd2 c5 4. exd5 Qxd5 5. Ngf3 cxd4 6. Bc4 Qd6 7. O-O Nf6 8.
Nb3 Nc6 9. Nbxd4 Nxd4 10. Nxd4 Bd7 11. c3 Be7 12. Qe2 O-O 13. Bg5 Rac8 14. Bd3
Rfd8 15. Rad1 Qc5 16. Be3 Qa5 17. Rfe1 Nd5 18. Bd2 Qxa2 19. Ra1 Qxb2 20. Reb1
Nxc3 21. Rxb2 Nxe2+ 22. Bxe2 e5 23. Nf3 e4 24. Nd4 Bf6 25. Be3 Be6 26. Rd2 a6
27. Rad1 Bc4 28. Bxc4 Rxc4 29. Kf1 g6 30. Nb3 Rdc8 31. Rd6 Be5 32. Rd8+ Rxd8
33. Rxd8+ Kg7 34. Bd4 Bxd4 35. Rxd4 Rc3 36. Nd2 e3 37. fxe3 Rxe3 38. Rd7 b5 39.
Rb7 Re5 40. Nb3 h5 41. Rb6 Re3 42. Nc5 Rc3 43. Nxa6 Rc1+ 44. Kf2 Rc2+ 45. Kf3
1/2-1/2

[Event "4NCL (GBR-chT 9394)"]
[Site "London, Barbican"]
[Date "1993.10.02"]
[Round "1.7"]
[White "Forbes, Cathy"]
[Black "Sugden, John"]
[Result "1/2-1/2"]
[WhiteElo "2105"]
[BlackElo "2240"]
[PlyCount "66"]
[EventDate "1993.10.02"]
[EventType "team"]
[EventCountry "ENG"]
[WhiteTeam "Covent Garden"]
[BlackTeam "Invicta Knights"]
[WhiteTeamCountry "ENG"]
[BlackTeamCountry "ENG"]

1. d4 Nf6 2. Nf3 c5 3. c3 b6 4. Bf4 Bb7 5. e3 g6 6. Bc4 cxd4 7. cxd4 Bg7 8. Nc3
d5 9. Bb5+ Nbd7 10. Ne5 O-O 11. Qb3 Nxe5 12. Bxe5 Ne4 13. Bxg7 Kxg7 14. Nxe4
dxe4 15. O-O Qd6 16. Rac1 Rfc8 17. Rc3 a6 18. Bc4 e6 19. a4 Rc7 20. Rfc1 Rac8
21. g3 Rxc4 22. Rxc4 Bd5 23. R1c3 Rxc4 24. Rxc4 Bxc4 25. Qxc4 a5 26. h4 Qd5 27.
Qc7 Qb3 28. Qe5+ Kg8 29. Qxe4 Qxa4 30. Qe5 Qa1+ 31. Kg2 Qxb2 32. Qb8+ Kg7 33.
Qe5+ Kg8 1/2-1/2

[Event "4NCL (GBR-chT 9394)"]
[Site "London, Barbican"]
[Date "1993.10.02"]
[Round "1.8"]
[White "Hunt, Harriet"]
[Black "Retallick, Stephen"]
[Result "1-0"]
[WhiteElo "2135"]
[BlackElo "1744"]
[PlyCount "47"]
[EventDate "1993.10.02"]
[EventType "team"]
[EventCountry "ENG"]
[WhiteTeam "Invicta Knights"]
[BlackTeam "Covent Garden"]
[WhiteTeamCountry "ENG"]
[BlackTeamCountry "ENG"]

1. e4 e6 2. d4 d5 3. Nd2 c5 4. Ngf3 cxd4 5. exd5 Qxd5 6. Bc4 Qd6 7. O-O Nf6 8.
Nb3 Nc6 9. Nbxd4 Nxd4 10. Nxd4 a6 11. c3 Qc7 12. Qe2 Bd6 13. h3 O-O 14. Bb3 e5
15. Nf3 Bf5 16. Nh4 Bg6 17. Bg5 Nd7 18. Rad1 Nc5 19. Bd5 Rae8 20. Nxg6 hxg6 21.
Be3 b5 22. Rd2 e4 23. Qg4 Qe7 24. Qxg6 1-0

[Event "4NCL (GBR-chT 9394)"]
[Site "London, Barbican"]
[Date "1993.10.02"]
[Round "1.1"]
[White "Arkell, Keith C"]
[Black "Taulbut, Shaun"]
[Result "1/2-1/2"]
[WhiteElo "2460"]
[BlackElo "2450"]
[PlyCount "156"]
[EventDate "1993.10.02"]
[EventType "team"]
[EventCountry "ENG"]
[WhiteTeam "North West Eagles"]
[BlackTeam "Slough"]
[WhiteTeamCountry "ENG"]
[BlackTeamCountry "ENG"]

1. d4 Nf6 2. Nf3 e6 3. c4 Bb4+ 4. Bd2 Qe7 5. g3 Nc6 6. Nc3 d5 7. cxd5 exd5 8.
Bg2 O-O 9. O-O h6 10. Rc1 Bg4 11. a3 Bxc3 12. Bxc3 Ne4 13. b4 a6 14. Bb2 Bxf3
15. Bxf3 Rfe8 16. Re1 a5 17. b5 Na7 18. Qb3 c6 19. bxc6 bxc6 20. Bxe4 Qxe4 21.
a4 Rab8 22. Qa2 Nc8 23. Rxc6 Nb6 24. Bc3 Nc4 25. Rc5 Rb6 26. Rb5 Rbe6 27. Qb1
Qxb1 28. Rbxb1 Rxe2 29. Rxe2 Rxe2 30. Rb8+ Kh7 31. Rb5 Ra2 32. Rxd5 Rxa4 33.
Rc5 Kg6 34. Kg2 f6 35. Kf3 Kf7 36. Ke4 Ke6 37. Kd3 Nd6 38. g4 Ra2 39. d5+ Kd7
40. Rxa5 Rxf2 41. Ra7+ Kc8 42. Bb4 Nb7 43. Ra8+ Kc7 44. Rg8 Rxh2 45. Rxg7+ Kb6
46. Rg6 h5 47. Kc4 hxg4 48. Rxf6+ Kc7 49. Rf7+ Kb6 50. Rg7 Rc2+ 51. Bc3 Rc1 52.
Rg6+ Kc7 53. Rxg4 Nd6+ 54. Kd3 Rd1+ 55. Bd2 Rf1 56. Bf4 Rd1+ 57. Bd2 Rf1 58.
Ra4 Rd1 59. Ke2 Rb1 60. Bb4 Nb5 61. Kd2 Rb3 62. Bc5 Kd7 63. Rh4 Nc7 64. Rh7+
Kc8 65. d6 Ne6 66. Bf2 Rb7 67. Rh6 Kd7 68. Bg3 Rb3 69. Rh7+ Kc6 70. Bh2 Rb7 71.
Rh6 Ng5 72. Ke3 Nf7 73. Rf6 Rd7 74. Ke4 Nxd6+ 75. Kd4 Rd8 76. Re6 Rd7 77. Bf4
Rd8 78. Bg3 Re8 1/2-1/2

[Event "4NCL (GBR-chT 9394)"]
[Site "London, Barbican"]
[Date "1993.10.02"]
[Round "1.2"]
[White "Richardson, John"]
[Black "Horner, Jeff"]
[Result "1-0"]
[WhiteElo "2288"]
[BlackElo "2384"]
[PlyCount "59"]
[EventDate "1993.10.02"]
[EventType "team"]
[EventCountry "ENG"]
[WhiteTeam "Slough"]
[BlackTeam "North West Eagles"]
[WhiteTeamCountry "ENG"]
[BlackTeamCountry "ENG"]

1. d4 d5 2. c4 Nc6 3. Nf3 Bg4 4. e3 e5 5. dxe5 dxc4 6. Qa4 Bxf3 7. gxf3 Qd5 8.
Nc3 Qxe5 9. f4 Qa5 10. Qxa5 Nxa5 11. Bd2 Bb4 12. Rd1 O-O-O 13. Rg1 Nh6 14. Rxg7
Kb8 15. a3 Be7 16. Ne4 Nc6 17. Bc3 Rxd1+ 18. Kxd1 b5 19. Ng5 f6 20. Rxh7 Rd8+
21. Ke1 Nf5 22. Bg2 b4 23. axb4 Nxb4 24. Ne6 Nd3+ 25. Kf1 Re8 26. Be4 Nd6 27.
Bc6 Rg8 28. Rxe7 Rh8 29. Nxc7 Nc5 30. Nb5 1-0

[Event "4NCL (GBR-chT 9394)"]
[Site "London, Barbican"]
[Date "1993.10.02"]
[Round "1.3"]
[White "Quillan, Gary"]
[Black "Webb, Richard M"]
[Result "1/2-1/2"]
[WhiteElo "2300"]
[BlackElo "2280"]
[PlyCount "77"]
[EventDate "1993.10.02"]
[EventType "team"]
[EventCountry "ENG"]
[WhiteTeam "North West Eagles"]
[BlackTeam "Slough"]
[WhiteTeamCountry "ENG"]
[BlackTeamCountry "ENG"]

1. e4 c5 2. Nf3 d6 3. Bb5+ Bd7 4. Bxd7+ Qxd7 5. c4 Nc6 6. d4 cxd4 7. Nxd4 Nf6
8. Nc3 g6 9. f3 Bg7 10. Be3 O-O 11. O-O Rac8 12. b3 Rfd8 13. Qd2 e6 14. Rfd1 d5
15. exd5 exd5 16. c5 Ne8 17. Rac1 Nc7 18. Ncb5 Nxd4 19. Nxd4 Ne6 20. Qb4 Nxd4
21. Bxd4 Qc6 22. Bxg7 Kxg7 23. Rc2 b6 24. Rdc1 bxc5 25. Rxc5 Qd7 26. Qd4+ Kg8
27. h4 Rxc5 28. Rxc5 Qe6 29. h5 gxh5 30. Rc3 a6 31. Re3 Qg6 32. Re5 h6 33. Qh4
Rc8 34. Rxh5 Rc1+ 35. Kh2 Rc2 36. Qh3 Qd6+ 37. Qg3+ Qxg3+ 38. Kxg3 Rxa2 39.
Rxd5 1/2-1/2

[Event "4NCL (GBR-chT 9394)"]
[Site "London, Barbican"]
[Date "1993.10.02"]
[Round "1.4"]
[White "Houska, Miroslav"]
[Black "Carleton, John"]
[Result "1-0"]
[WhiteElo "2300"]
[BlackElo "2479"]
[PlyCount "95"]
[EventDate "1993.10.02"]
[EventType "team"]
[EventCountry "ENG"]
[WhiteTeam "Slough"]
[BlackTeam "North West Eagles"]
[WhiteTeamCountry "ENG"]
[BlackTeamCountry "ENG"]

1. d4 d5 2. Nf3 Nf6 3. Bg5 e6 4. e3 h6 5. Bh4 Nc6 6. c4 Bb4+ 7. Nbd2 g5 8. Bg3
Ne4 9. a3 Bxd2+ 10. Nxd2 Nxg3 11. hxg3 Bd7 12. cxd5 exd5 13. Qf3 Qe7 14. Qxd5
O-O-O 15. Qc5 Qxc5 16. dxc5 Bf5 17. O-O-O h5 18. Be2 Bg6 19. Nc4 Rxd1+ 20. Rxd1
Re8 21. Bd3 Bxd3 22. Rxd3 Ne5 23. Nxe5 Rxe5 24. b4 a5 25. Kd2 axb4 26. axb4 f6
27. Rd4 Re6 28. Rd5 Ra6 29. Kd3 b6 30. f4 bxc5 31. bxc5 Ra2 32. fxg5 fxg5 33.
Rxg5 Rxg2 34. Ke4 Kd7 35. Kf3 Rh2 36. Kf4 Kc6 37. e4 Rh1 38. Kf5 Kxc5 39. Ke6+
Kd4 40. e5 c5 41. Kd6 Ra1 42. e6 Ra6+ 43. Kd7 Ra7+ 44. Ke8 c4 45. e7 c3 46.
Rxh5 c2 47. Rh1 Ra3 48. Rc1 1-0

[Event "4NCL (GBR-chT 9394)"]
[Site "London, Barbican"]
[Date "1993.10.02"]
[Round "1.5"]
[White "Littlewood, John E"]
[Black "Davey, Neil"]
[Result "1/2-1/2"]
[WhiteElo "2320"]
[BlackElo "2248"]
[PlyCount "51"]
[EventDate "1993.10.02"]
[EventType "team"]
[EventCountry "ENG"]
[WhiteTeam "North West Eagles"]
[BlackTeam "Slough"]
[WhiteTeamCountry "ENG"]
[BlackTeamCountry "ENG"]

1. e4 d6 2. d4 g6 3. Nf3 Nf6 4. Nc3 Bg7 5. Bg5 c6 6. h3 b5 7. Bd3 O-O 8. O-O h6
9. Be3 a6 10. Qd2 Kh7 11. a3 Qc7 12. a4 b4 13. Ne2 a5 14. Bf4 Ba6 15. e5 Nd5
16. exd6 exd6 17. Bh2 Bxd3 18. Qxd3 Nd7 19. Nd2 Rfe8 20. Nc1 Re6 21. Ncb3 N7b6
22. Rae1 Rxe1 23. Rxe1 Nxa4 24. Nc4 Bf8 25. Qf3 Kg8 26. g4 1/2-1/2

[Event "4NCL (GBR-chT 9394)"]
[Site "London, Barbican"]
[Date "1993.10.02"]
[Round "1.6"]
[White "Finn, Simon"]
[Black "Smith, Alan A"]
[Result "0-1"]
[WhiteElo "2315"]
[BlackElo "2265"]
[PlyCount "100"]
[EventDate "1993.10.02"]
[EventType "team"]
[EventCountry "ENG"]
[WhiteTeam "Slough"]
[BlackTeam "North West Eagles"]
[WhiteTeamCountry "ENG"]
[BlackTeamCountry "ENG"]

1. e4 e5 2. Nf3 d6 3. d4 exd4 4. Nxd4 Nf6 5. Nc3 Be7 6. Be2 O-O 7. O-O c5 8.
Nb3 Nc6 9. f4 Re8 10. f5 Nd7 11. Bf4 Nde5 12. Qd2 a6 13. Rad1 f6 14. Kh1 Kh8
15. Nd5 Bf8 16. Bh5 g6 17. fxg6 hxg6 18. Bh6 Be7 19. Be2 Nf7 20. Bf4 Bf8 21.
Bg3 Bg7 22. Qf4 f5 23. Nxc5 Be5 24. Bh4 Bxf4 25. Bxd8 Rxd8 26. Nb6 Be3 27. Nxa8
Bxc5 28. Nc7 Nce5 29. exf5 Bxf5 30. Bd3 Nxd3 31. cxd3 Bb6 32. Nd5 Bd4 33. Ne7
Nh6 34. Nxf5 Nxf5 35. Rc1 Rd7 36. b3 Kg7 37. Rc8 Ne3 38. Rfc1 Nd5 39. g3 Kf6
40. Kg2 Re7 41. Rf1+ Kg7 42. Kh3 Ne3 43. Rf4 Be5 44. Re4 Nf5 45. g4 Nd4 46. Kg2
Ne6 47. Kf1 Bxh2 48. Ke2 d5 49. Rb4 Bd6 50. Rb6 Bc5 0-1

[Event "4NCL (GBR-chT 9394)"]
[Site "London, Barbican"]
[Date "1993.10.02"]
[Round "1.7"]
[White "James, David"]
[Black "Smith, Andrew P"]
[Result "1-0"]
[WhiteElo "2255"]
[BlackElo "2290"]
[PlyCount "66"]
[EventDate "1993.10.02"]
[EventType "team"]
[EventCountry "ENG"]
[WhiteTeam "North West Eagles"]
[BlackTeam "Slough"]
[WhiteTeamCountry "ENG"]
[BlackTeamCountry "ENG"]

1. d4 d6 2. c4 Nd7 3. Nc3 e5 4. e4 c6 5. Be3 Ne7 6. Qd2 Ng6 7. d5 h6 8. g3 Be7
9. Nge2 Nb6 10. b3 cxd5 11. cxd5 Bg5 12. f4 exf4 13. gxf4 Nh4 14. O-O-O Bf6 15.
Kb1 Bg4 16. Rc1 O-O 17. Ng3 Rc8 18. Bd3 Nf3 19. Qb2 Qe8 20. Bf2 g6 21. h3 Bd7
22. Qe2 Nd4 23. Qd1 Nb5 24. Bxb5 Bxb5 25. Bd4 Bxd4 26. Qxd4 Kh7 27. e5 dxe5 28.
fxe5 Rd8 29. Nge4 f5 30. Nf6+ Rxf6 31. exf6 Nc8 32. Rhe1 Qd7 33. Nxb5 Qxb5 {
time} 1-0